Largest Cities & Villages of MICHIGAN by First Letter - Statistics

General Stats
  • This quiz has been taken 217 times
    143 since last reset
  • The average score is 13 of 25
Answer Stats
Letter Population CITY % Correct
D 672,662 Detroit
97%
G 200,217 Grand Rapids
95%
A 121,890 Ann Arbor
93%
L 118,427 Lansing
92%
K 76,545 Kalamazoo
90%
F 95,943 Flint
85%
W 134,587 Warren
82%
S 132,964 Sterling Heights
74%
J 32,605 Jackson
64%
P 59,772 Pontiac
62%
B 51,247 Battle Creek
60%
Y 20,995 Ypsilanti
60%
T 84,272 Troy
52%
R 74,696 Rochester Hills
46%
H 33,327 Holland
45%
M 41,800 Midland
42%
E 47,988 East Lansing
38%
N 60,951 Novi
35%
Q 1,619 Quincy
26%
Z 5,564 Zeeland
26%
U 5,143 Utica
21%
I 24,381 Inkster
17%
O 29,628 Oak Park
16%
C 12,250 Coldwater
9%
V 3,419 Vicksburg
2%
No matching quizzes found
Score Distribution
Percent of People with Each Score
Percentile by Number Answered
Your Score History
You have not taken this quiz since the last reset